VAT Cash Accounting in Practice in Slovak Republic

Jedným zo základných problémov malých podnikateľských subjektov je platobná disciplína alebo platobná neschopnosť spoločnosti ich obchodných partnerov. Nezaplatenie do splatnosti ovplyvňuje plnenie daňových povinností. Pre dané prípady bol schválený systém účtovania DPH, v ktorom je DPH splatná aleb...

Descrizione completa

Salvato in:
Dettagli Bibliografici
Autore principale: Benko, Ján
Natura: Capitolo di libro
Lingua:inglese
Soggetti:
Tags: Aggiungi Tag
Nessun Tag, puoi essere il primo ad aggiungerne!!

MARC

LEADER 00000naa$a2200000$$$4500
001 0251142
005 20240502074028.5
041 0 |a eng 
044 |a SK 
245 1 0 |a VAT Cash Accounting in Practice in Slovak Republic  |c Ján Benko 
520 |a Jedným zo základných problémov malých podnikateľských subjektov je platobná disciplína alebo platobná neschopnosť spoločnosti ich obchodných partnerov. Nezaplatenie do splatnosti ovplyvňuje plnenie daňových povinností. Pre dané prípady bol schválený systém účtovania DPH, v ktorom je DPH splatná alebo odpočítateľná pri prijatí platby. Analýza a vyhodnotenie použitia nových pravidiel daňovými poplatníkmi v Slovenskej republike 
610 2 0 |a dane 
610 2 0 |a hodnota pridaná 
610 2 0 |a nestabilita finančná 
610 2 0 |a účtovanie 
610 2 0 |a účtovníctvo daňové 
610 2 0 |a faktúry 
100 1 |a Benko, Ján